000 01287nam a2200325 u 4500
003 DO-SdBNP
005 20211018114354.0
008 090706s1991 dr ac 001 0 spa d
040 _aDO-SdBNP
_bspa
_cBPMSU
082 _a972.93053
_bV422k 1991
_222
100 1 _aVega, Bernardo,
_d1938 -
245 1 0 _aKennedy y los Trujillo /
_cBernardo Vega.
260 _aSanto Domingo :
_bFundación Cultural Dominicana,
_c1991.
300 _a423 p. ;
_c27 cm.
_b
500 _aIcluye índice onomástico.
500 _aIncluye archivos consultados y sus siglas.
500 _aIncluye notas al pie de la página y notas generales por capítulos.
590 _6Inventariado, 2021/VM
600 1 0 _aKennedy, John F.,
_qJohn Fitgerald
_d1917-1963
600 1 0 _aTrujillo Molina, Rafael Leónidas,
_d 1891-1961
600 z _aChapita,
_d1891-1961
600 z _aMolina, Rafael Leónidas Trujillo,
_d1891-1961
600 z _aTrujillo, Rafael Leónidas,
_d1891-1961
651 1 4 _aRepública Dominicana
_xHistoria
_yEra de Trujillo, 1930-1961
651 1 4 _aRepública Dominicana
_xHistoria
_y1961-1965
651 1 4 _aEstados Unidos
_xRelaciones Exteriores
_zRepública Dominicana
651 4 _aRepública Dominicana
_xRelaciones Exteriores
_zEstados Unidos
910 _aVMateo V.
942 _2ddc
_cBK
999 _c13795
_d13795